• 首页
  • 本馆介绍
  • 公告通知
  • 最新文献
  • 馆藏检索
  • 电子资源
  • 读者导购
  • 参考咨询
  • 我的图书馆
  • 登录
  • 详细信息显示
  • 放入我的书架
  • 预约/预借图书
  • 作者相关作品
  • 分类相关作品
  • 丛书相关作品
  • 出版社相关作品

书目信息

  • 表格格式
  • 工作单格式
  • 卡片格式
题名:
历史学家与数学
    
 
作者: 米罗诺夫 著 ;黄立弗 译
分册:  
出版信息: 北京   华夏出版社  1990.7
页数: 168页
开本: 20cm
丛书名: 二十世纪文库
单 册:
中图分类: K061
科图分类:
主题词: 历史--研究
电子资源:
ISBN:
000 00610nam0 2200217 45
001 0312221749
005 20031222171050.6
010    @dCNY3.65
100    @a20031222d1990 km y0chiy0120 ea
101    @achi
105    @a z 000yy
200 1  @a历史学家与数学@ALi Shi Xue Jia Yu Shu Xue@f(苏)米罗诺夫等著@F(Su)Mi Luo Nuo Fu Deng Zhu@g黄立弗等译
210    @a北京@c华夏出版社@d1990.7
215    @a168页@d20cm
225 2  @a二十世纪文库
606 0  @a历史@x研究
690    @aK061@v3
701 0  @a米罗诺夫@4著
702 0  @a黄立弗@4译
801    @aCN@bTSTCL@c20031222
905    @a213230@dK061@e22@b231884-885@f2
    
    历史学家与数学/(苏)米罗诺夫等著/黄立弗等译.-北京:华夏出版社,1990.7
    168页;20cm.-(二十世纪文库)
    
    
    ISBN :CNY3.65
    
●
相关链接 在E读中查询图书 在五车中查询图书 在当当中查询图书 在豆瓣中查询图书


正题名:历史学家与数学     索取号:K061/22         预约/预借

序号 登录号 条形码 馆藏地/架位号 状态 备注
1 0231884   001418638   密集书库/ [索取号:K061/22] 在馆    
2 0231885   001419361   第二样本阅览室/ [索取号:K061/22] 在馆    
唐山师范学院图书馆 欢迎您!
大连网信软件有限公司© 版权所有